Êtes-vous rapide ? Test de rapidité 010101 - Statistiques

Statistiques générales
  • Ce quiz a été pris 1 029 fois
  • Le résultat moyen est 73 sur 100
Statistiques - réponses
0 et 1 % Correct
0
100%
1
99%
0
98%
0
97%
1
97%
0
96%
1
96%
0
95%
1
95%
1
94%
0
93%
0
92%
0
92%
1
92%
1
92%
0
91%
1
91%
0
90%
1
90%
0
89%
1
89%
0
88%
1
88%
1
88%
0
87%
1
87%
0
86%
0
86%
1
86%
0
85%
1
85%
1
85%
0
84%
0
84%
1
84%
1
84%
0
83%
1
83%
0
82%
0
81%
1
81%
1
81%
0
80%
1
80%
0
79%
0
78%
1
78%
0
77%
1
77%
0
76%
1
76%
1
75%
0
74%
0
73%
1
73%
0
72%
1
72%
1
71%
0
70%
1
70%
0
69%
0
68%
0
68%
1
68%
1
68%
0
67%
1
67%
1
66%
0
65%
1
64%
0
63%
1
62%
0
61%
1
60%
0
59%
1
58%
0
57%
0
56%
1
56%
1
55%
0
54%
1
54%
0
53%
1
51%
0
50%
1
49%
0
48%
1
47%
0
46%
1
46%
0
45%
1
44%
0
43%
1
43%
0
42%
1
42%
0
40%
1
38%
0
37%
1
37%
Aucun quiz correspondant
Distribution des résultats
% des personnes avec chaque résultat
Percentile par nombre de réponses
Votre historique - résultats
Vous n’avez pas pris ce quiz